000 00822nam a2200265 i 4500
001 15004
003 ES-MaACL
005 20250805062542.0
007 t|
008 991125s1998 sp ||||1| spa d
020 _a84-7658-548-9
080 _a321
080 _a316.72
100 1 _aColom, Francisco.
_939786
245 1 0 _aRazones de identidad
_b: pluralismo cultural e integración política /
_cFrancisco Colom.
250 _a1ª ed.
260 _aBarcelona :
_bAnthropos,
_c1998.
300 _a316 p. ;
_c20 cm.
490 1 _aAutores, textos y temas. Ciencias sociales ;
_v20
650 4 _aPolítica-
_xFilosofía
_916274
650 1 4 _aPluralismo cultural.
_916137
830 0 _aAutores, textos y temas. Ciencias sociales ;
_v20
_9178372
852 _aES-MaACL
_jL-22233
_bR.127056
999 _c15004
_d15004